000 00682cam a22002413a 4500
001 22782
003 PGUSA
005 20140828083502.0
008 070927s2007||||xxu|||||s|||||000 | eng d
040 _aPGUSA
_beng
042 _adc
050 4 _aPS
100 1 _aCarus, Paul,
_d1852-1919
245 1 4 _aThe Buddha :
_bA Drama in Five Acts and Four Interludes
_h[electronic resource] /
_cPaul Carus
260 _bProject Gutenberg,
_c2007
506 _aPublic domain in the USA.
516 _aElectronic text
653 _aBuddhism -- Drama
653 _aGautama Buddha
830 0 _aProject Gutenberg
_v22782
856 4 0 _uhttp://www.gutenberg.org/ebooks/22782
942 _cEB
999 _c252037
_d252037